000 00311nam a22001457a 4500
008 230516b ||||| |||| 00| 0 eng d
020 _a9780802772374
041 _aeng
080 _a159.9
082 _a159.9SOB
100 _a25
101 _aPSI
245 _aEVERYBODY WINS
_cSOBEL . J
942 _2udc
_cBK
999 _c59751
_d59751